000
00199 a2200097 4500
020
_a
9780395789278
041
_a
spa
100
_a
Villanes Cairo, Carlos
245
_a
Las Ballenas Cautivas
942
_c
BK
999
_c
9110
_d
9110